Avatar: The Last Airbender Trivia Quiz #6 - Statistics

General Stats
  • This quiz has been taken 185 times
  • The average score is 11 of 20
Answer Stats
hint answer % Correct
how many parts is the last episode (Sozin’s Comet) in? 4
92%
who strikes Iroh with lightning? Azula
86%
how is the Warden of Boiling Rock related to Mai (who is he to her)? her uncle
84%
what is the order of the avatar cycle? water, earth, fire, air
80%
what type of animal/creature are Ran and Shaw? dragon
78%
what airbending move did Aang invent? air scooter
76%
what is the name of the island Suki is from? Kyoshi Island
75%
which character is the only one with a last name? Toph (Beifong)
75%
what does the water tribe use to signify engagement (instead of a ring)? a necklace
73%
what can you not do in the spirit world? bend
71%
what element does Fire Nation Man bend? earth
66%
what was the name of the Fire Nation military unit that Yon Rha (the man who killed Katara and Sokka’s mother) was a part of? The Southern Raiders
49%
what’s the name of the final part of Sozin’s Comet? Avatar Aang
39%
what does the girl from the question above call Katara at the very end of the episode? floozy
29%
what is the name of the girl who works for the fortune teller (Aunt Wu) and has a crush on Aang? Meng
24%
what does the fluffy bunny cloud predict? doom and destruction
22%
a weird guy sits next to Sokka on the train into Ba Sing Se; what does he have in his mouth? an ear of corn
17%
name one of the people in the Foggy Swamp Tribe (who live in the swamp). Due | Huu | Tho
14%
what's Haru's dad's name? Tyro
9%
what’s the name of the woman in Ba Sing Se who makes fun of Toph’s makeup? Star
5%
No matching quizzes found
Score Distribution
Percent of People with Each Score
Percentile by Number Answered
Your Score History
You have not taken this quiz